| 000 | 00879nam a2200253 a 4500 | ||
|---|---|---|---|
| 001 | 74414 | ||
| 003 | BD-RjUL | ||
| 005 | 20211209082541.0 | ||
| 008 | 180917s2013 b a|||| |||| 00| 0 b d | ||
| 020 |
_a9789844042858 : _cTk.140.00 |
||
| 035 | _a(BD-RjUL)74632 | ||
| 040 |
_aBD-RjUL _beng _cBD-RjUL |
||
| 041 | _aben | ||
| 082 |
_223 _a 294.363 _bঅশ্ববু 2013 |
||
| 100 | 1 |
_aঅশ্বঘোষ _9222649 |
|
| 245 | 1 | 0 |
_aঅশ্বঘোষের বুদ্ধচরিত / _cঅশ্বঘোষ ; কানাইলাল রায় |
| 300 |
_a১০১ পৃ. ঃ _bচিত্র ; _c২২ সেমি |
||
| 650 |
_aগৌতম বুদ্ধ। _9120899 |
||
| 650 |
_aGautama Buddha. _9120901 |
||
| 650 |
_aজীবনী _9222650 |
||
| 650 |
_aBiography _9222651 |
||
| 700 |
_aরায়, কানাইলাল _9222652 |
||
| 942 |
_2ddc _cBK |
||
| 999 |
_c74414 _d74414 |
||